Statistics for League of lesser known soccer clubs

Click here to take the quiz!

General Stats

  • This quiz has been taken 37 times
  • The average score is 13 of 20

Answer Stats

HintAnswer% Correct
FSV Mainz 05Germany
97%
Newcastle JetsAustralia
91%
Young BoysSwitzerland
88%
LeganesSpain
84%
MetzFrance
81%
CrotoneItaly
78%
GremioBrazil
75%
Jubilo IwataJapan
75%
BelenensesPortugal
75%
Genclerbirligi SKTurkey
75%
SV Josko RiedAustria
66%
FK Amkar PermRussia
63%
SC Heracles AlmeloNetherlands
59%
Randers FCDenmark
56%
Bnei SakhninIsrael
50%
GlentoranNorthern Ireland
50%
LanusArgentina
47%
The StrongestBolivia
41%
MFK RuzomberokSlovakia
34%
Gaz MetanRomania
31%

Score Distribution

Percentile by Number Answered

Percent of People with Each Score

Your Score History

You have not taken this quiz